Harf Harf Kitab / (Record no. 522574)

000 -LEADER
fixed length control field 00440nam a22001817a 4500
001 - CONTROL NUMBER
control field 12345
003 - CONTROL NUMBER IDENTIFIER
control field NUST
005 - DATE AND TIME OF LATEST TRANSACTION
control field 20181108111428.0
038 ## - RECORD CONTENT LICENSOR
Staff Name waseem
040 ## - CATALOGING SOURCE
Original cataloging agency NUST
082 ## - DEWEY DECIMAL CLASSIFICATION NUMBER
Classification number 891.4391
Author Mark USM
100 ## - MAIN ENTRY--PERSONAL NAME
Personal name Usmani, Memoona Zahoor
9 (RLIN) 12590
245 ## - TITLE STATEMENT
Title Harf Harf Kitab /
Statement of responsibility, etc. Memoona Zahoor Usmani
260 ## - PUBLICATION, DISTRIBUTION, ETC.
Place of publication, distribution, etc. Islamabad :
Name of publisher, distributor, etc. Manzil,
Date of publication, distribution, etc. 2018.
300 ## - PHYSICAL DESCRIPTION
Extent 166 p. ;
880 ## - ALTERNATE GRAPHIC REPRESENTATION
Linkage 245-02\r
Title حرف حرف کتاب
942 ## - ADDED ENTRY ELEMENTS (KOHA)
Source of classification or shelving scheme
Koha item type Book
Holdings
Withdrawn status Lost status Source of classification or shelving scheme Damaged status Not for loan Collection code Permanent Location Current Location Shelving location Date acquired Source of acquisition Total Checkouts Full call number Barcode Date last seen Copy number Price effective from Koha item type
            Central Library (CL) Central Library (CL) Fiction 11/08/2018 Donation   891.4391 USM CL-D-79 11/08/2018 1 11/08/2018 Book
            Central Library (CL) Central Library (CL) Fiction 11/08/2018 Donation   891.4391 USM CL-D-80 11/08/2018 2 11/08/2018 Book
            Central Library (CL) Central Library (CL) Fiction 11/08/2018 Donation   891.4391 USM CL-D-81 11/25/2024 3 11/08/2018 Book
            Central Library (CL) Central Library (CL) Fiction 11/08/2018 Donation   891.4391 USM CL-D-82 11/08/2018 4 11/08/2018 Book
            Central Library (CL) Central Library (CL) Fiction 11/08/2018 Donation   891.4391 USM CL-D-83 11/08/2018 5 11/08/2018 Book
© 2023 Central Library, National University of Sciences and Technology. All Rights Reserved.